000 00623nam a2200253Ia 4500
003 OSt
005 20220924153530.0
006 a|||||r|||| 00| 0
007 ta
008 220923b |||||||| |||| 00| 0 tam d
024 _a350604
037 _cTextual
040 _aARTS
_cARTS
_btam
041 _2tam
_atam
082 _aO31,1C5, P4.1-.4
100 _aPorko Co.
_9229091
245 0 _aThirukkural
260 _c2004
300 _a272p.
_ccm.
650 _a TAMIL POETRY
650 _aTAMIL LITERATURE
942 _hO31,1C5, P4.1-.4
_cTEXL
_2CC
999 _c473922
_d473922